Temas emergentes.

Saved in:
Bibliografiske detaljer
Corporate Authors: SENAME, Servicio Nacional de Menores
Format: Bog
Sprog:spansk
Udgivet: Santiago, Chile SENAME 2001
Serier:Documento de Trabajo. 18
Fag:
Tags: Tilføj Tag
Ingen Tags, Vær først til at tagge denne postø!

MARC

LEADER 00000nam a2200000 a 4500
001 UCM0998
003 CL-VaPUC
005 20220421074149.0
008 020322e20010900CL |||||||||||||||||spa|d
999 |c 299724  |d 299722 
040 |c Pontificia Universidad Católica de Valparaíso 
082 0 4 |a 362.7 SEN 2001  |2 21 
110 2 |a SENAME  |9 468002 
245 1 0 |a Temas emergentes. 
260 0 3 |a Santiago, Chile  |b SENAME  |c 2001 
300 |a 43 páginas 
490 0 |a Documento de Trabajo.  |v 18 
500 |a Incluye: Análisis, visión y respuesta institucional respecto de la calle y en la calle. Problemática y respuesta institucional sobre la explotación sexual infantil y pornografía infantil. Problemática y respuesta institucional sobre el maltrato físico y el abuso sexual infantil 
583 |a last modification  |c 20121001 01:21:52  |k Rodrigo Vera 
650 0 |a NIÑOS MALTRATADOS  |2 CL-VaPUC  |9 338785 
650 0 |a Problemas sociales  |9 258537 
650 0 |a Abuso de poder  |9 324689 
650 0 |a Maltrato infantil  |9 324690 
650 0 |a Abuso sexual  |9 475641 
650 7 |a PORNOGRAFIA INFANTIL  |2 CL-VaPUC  |9 467638 
710 2 |a Servicio Nacional de Menores  |9 468003 
942 |c BK  |2 ddc 
945 |d 20020322 00:00:00  |a cmena 
952 |0 0  |1 0  |2 ddc  |4 0  |6 362_700000000000000_SEN_2001  |7 0  |8 A  |9 356607  |a BIBEDU  |b BIBEDU  |d 2019-11-21  |i 3797821  |o 362.7 SEN 2001  |p 3797821  |r 2019-11-21  |t 1  |w 2019-11-21  |y BK  |k BME